| 000 | 00793cam a22002414a 4500 | ||
|---|---|---|---|
| 001 | 12649468 | ||
| 005 | 20180313053024.0 | ||
| 008 | 020118s2003 ohua b 001 0 eng | ||
| 010 | _a 2002018885 | ||
| 020 | _a032406554X | ||
| 040 |
_aDLC _cDLC _dDLC |
||
| 041 | _aeng | ||
| 042 | _apcc | ||
| 080 | _a658.022 LON | ||
| 082 | 0 | 0 |
_a658.022 LON _221 |
| 100 | 1 | _a54 | |
| 101 | _aMEN | ||
| 245 | 1 | 0 |
_aSmall business management : _cJustin G. Longenecker, Carlos W. Moore, J. William Petty. |
| 504 | _aIncludes bibliographical references and index. | ||
| 906 |
_a7 _bcbc _corignew _d1 _eocip _f20 _gy-gencatlg |
||
| 942 |
_2ddc _cBK |
||
| 999 |
_c44854 _d44854 |
||